000 00681nam a22002057a 4500
999 _c12823
_d12823
003 AR-CdUCM
008 190410b ||||| |||| 00| 0 spa d
040 _aMUNICIPALIDAD PROVINCIAL DEL CUSCO
_cBIBLIOTECA MUNICIPAL DEL CUSCO
082 _a984 /
_bC46
100 _aCéspedes, Augusto
_9477
245 _aBolivia /
260 _aBolivia :
_bUnión panamericana,
_c1962.
300 _a84 páginas ;
_c18 cm.
_bIlustraciones, fotografías
505 _aContenido : Bolivia por Augusto Céspedes -- Fotografías -- Hechos y cifras ...
650 _aHistoria
_9136
650 _aFotografías
_913109
650 _aBolivia
_91138
942 _2ddc
_cLIBROS
945 _arah
_d10/04/2019